Normal view
MARC view
- READING.LEARNING,PSYCHOLOGY.WRITTEN COMMUNICATION.UNDERSTANDING READING.ANALYSIS OF READING AND LEARNING TO READ
Entry Topical Term
001 - CONTROL NUMBER
- control field: 68184
003 - CONTROL NUMBER IDENTIFIER
- control field: NUST
005 - DATE AND TIME OF LATEST TRANSACTION
- control field: 20210628204009.0
008 - FIXED-LENGTH DATA ELEMENTS
- fixed length control field: 210628|| aca||aabn | a|a d
040 ## - CATALOGING SOURCE
- Original cataloging agency: NUST
- Transcribing agency: NUST
150 ## - HEADING--TOPICAL TERM
- Topical term or geographic name entry element: READING.LEARNING,PSYCHOLOGY.WRITTEN COMMUNICATION.UNDERSTANDING READING.ANALYSIS OF READING AND LEARNING TO READ
670 ## - SOURCE DATA FOUND
- Source citation: Work cat.: (NUST): Smith, Frank 68183, Understanding reading , a psycholinguistic analysis of reading and learning to read, 2012
